00331nam a2200097Ia 4500008004100000245005900041245005900100260000900159650001700168856004800185171211s9999 xx 000 0 und d aTowards Sustainable Cities in Asia and the Middle East cFernanda Rodrigues, Hassam Chaudhry, and John Calautit c2017 xArchitecture uhttp://down.ebook777.com/065/3319616447.pdf